000 00228 a2200097 4500
001 48231
100 _aRahim, A
245 _aIqbal the poet of tomorrow
260 _aLahore
_bMarkaziyya Majlis-i-Iqbal
_c
090 _c31189
_d31189
942 _aNUST-CAE
_cM
_c23546
999 _c283304
_d283304